Movies at the Half-Hour Mark (1990s III) Quiz Stats

 Plays Quiz Updated Apr 29, 2018

Score 0/20 Timer 05:00
0 Plays Today
% Correct
Speed
86.8%
Jumanji
81.7%
Dumb and Dumber
80.5%
Wayne's World
80.3%
Jerry Maguire
80.2%
The Big Lebowski
74.9%
Groundhog Day
71.1%
My Cousin Vinny
70.8%
Mars Attacks!
57.5%
Four Weddings and a Funeral
54.1%
% Correct
Encino Man
48.3%
Beavis and Butt-head Do America
48.2%
Natural Born Killers
47%
Thelma & Louise
43.1%
Lock, Stock and Two Smoking Barrels
38.2%
Romy and Michele's High School Reunion
37.3%
Major Payne
33.5%
Total Recall
25.4%
Hackers
10.8%
Chungking Express
2.1%

You're not logged in!

Compare scores with friends on all Sporcle quizzes.
Join for Free
OR
Log In

You Might Also Like...

Show Comments

Extras

Top Quizzes Today


Score Distribution

Your Account Isn't Verified!

In order to create a playlist on Sporcle, you need to verify the email address you used during registration. Go to your Sporcle Settings to finish the process.

Report this User

Report this user for behavior that violates our Community Guidelines.

Details: